[Event "Royan"]
[Site "Royan"]
[Date "1988.??.??"]
[Round "?"]
[White "Kouatly, Bachar"]
[Black "Pfleger, Helmut"]
[Result "0-1"]
[WhiteElo "2450"]
[BlackElo "2485"]
[PlyCount "62"]
[EventDate "1988.06.??"]
[Source "ChessBase"]

1. d4 d5 2. c4 e6 3. Nf3 Nf6 4. g3 Be7 5. Bg2 O-O 6. O-O c6 7. Qd3 Nbd7 8. Nc3 b6 9. e4 Ba6 10. b3 dxc4 11. bxc4 e5 12. dxe5 Ng4 13. Bf4 g5 14. Nxg5 Ngxe5 15. Qe3 Nxc4 16. Qc1 Nce5 17. Rd1 Nd3 18. Rxd3 Bxd3 19. Qe3 Ne5 20. Rd1 Bc5 21. Qc1 Ng4 22. Rd2 Qd4 23. h3 Nxf2 24. Nf3 Qxc3 25. Qxc3 Nxe4+ 26. Qxc5 Nxc5 27. Ne5 Be4 28. Nxc6 Rfe8 29. h4 f6 30. h5 a5 31. Rb2 Nd3 0-1

[Event "St Petersburg zt"]
[Site "St Petersburg"]
[Date "1993.??.??"]
[Round "2"]
[White "Sorokin, Maxim"]
[Black "Landa, Konstantin"]
[Result "1-0"]
[WhiteElo "2490"]
[BlackElo "2445"]
[PlyCount "55"]
[EventDate "1993.01.??"]
[Source "ChessBase"]

1. d4 d5 2. c4 e6 3. Nc3 Be7 4. Nf3 Nf6 5. g3 O-O 6. Bg2 c6 7. O-O Nbd7 8. Qd3 b6 9. e4 Ba6 10. b3 Ne8 11. Rd1 Nd6 12. e5 Nb7 13. h4 Rc8 14. Ng5 g6 15. Nf3 dxc4 16. Qe3 Re8 17. Ne4 Qc7 18. h5 Rcd8 19. hxg6 hxg6 20. Qh6 Bf8 21. Qh4 Bg7 22. Bg5 cxb3 23. axb3 Be2 24. Re1 Bxf3 25. Bxf3 Ra8 26. Kg2 c5 27. Rh1 cxd4 28. Bf6 1-0

[Event "Moscow op2"]
[Site "Moscow"]
[Date "1995.??.??"]
[Round "6"]
[White "Burmakin, Vladimir"]
[Black "Mitenkov, Alexey"]
[Result "1/2-1/2"]
[WhiteElo "2500"]
[BlackElo "2430"]
[PlyCount "27"]
[EventDate "1995.11.??"]
[Source "ChessBase"]

1. d4 Nf6 2. c4 e6 3. g3 d5 4. Nf3 Be7 5. Bg2 O-O 6. O-O c6 7. Nc3 Nbd7 8. Qd3 b6 9. e4 Ba6 10. b3 Rc8 11. e5 Ne8 12. Rd1 Nc7 13. a4 Bb7 14. a5 1/2-1/2

[Event "Open"]
[Site "Massy op"]
[Date "1995.??.??"]
[Round "7"]
[White "Inkiov, Ventzislav V"]
[Black "Nikcevic, Nebojsa"]
[Result "1-0"]
[WhiteElo "2495"]
[BlackElo "2435"]
[PlyCount "129"]
[EventDate "1995.??.??"]
[Source "www.chesslib.no"]
[SourceDate "2004.05.04"]

1. d4 d5 2. c4 c6 3. Nf3 Nf6 4. Nc3 e6 5. g3 Nbd7 6. Bg2 Be7 7. O-O O-O 8. Qd3 b6 9. e4 Ba6 10. b3 b5 11. cxd5 cxd5 12. e5 Ne8 13. Ne2 Nc7 14. Bf4 b4 15. Qd2 Bxe2 16. Qxe2 a6 17. Rfc1 Nb5 18. Bd2 Qb6 19. Qd3 Rac8 20. h4 Nb8 21. Be3 Rc6 22. h5 Rfc8 23. Rxc6 Rxc6 24. h6 Rc3 25. Qd1 g6 26. Bf1 Bf8 27. Kg2 Nc6 28. Bd2 Nbxd4 29. Bxc3 bxc3 30. Nxd4 Qxd4 31. Qxd4 Nxd4 32. Bxa6 c2 33. Bd3 Ba3 34. Bxc2 Nxc2 35. Rd1 Nb4 36. f4 f6 37. exf6 Kf7 38. Kf3 Kxf6 39. Kg4 Nc6 40. Rd2 Nb4 41. Rd1 Nc6 42. Rd2 d4 43. Kf3 Bb4 44. Rd1 Ke7 45. Ke4 Kd6 46. g4 Bc3 47. a3 Na5 48. Rb1 Nb7 49. b4 Kc6 50. a4 Nd6+ 51. Kd3 Kd5 52. b5 Nb7 53. b6 Nc5+ 54. Kc2 Nb7 55. Kd3 Nc5+ 56. Kc2 Nb7 57. f5 exf5 58. gxf5 gxf5 59. Rg1 Ba5 60. Rg7 d3+ 61. Kxd3 Nc5+ 62. Kc2 Bxb6 63. Rxh7 Ne4 64. Rd7+ Nd6 65. Kd3 1-0

[Event "JUG Team Ch"]
[Site "Igalo"]
[Date "1994.??.??"]
[Round "2"]
[White "Ristic, Nenad"]
[Black "Drasko, Milan"]
[Result "1/2-1/2"]
[WhiteElo "2380"]
[BlackElo "2545"]
[PlyCount "34"]
[EventDate "1994.??.??"]
[Source "www.chesslib.no"]
[SourceDate "2004.05.04"]

1. d4 e6 2. Nf3 Nf6 3. g3 d5 4. Bg2 Be7 5. O-O O-O 6. c4 c6 7. Nc3 Nbd7 8. Qd3 b6 9. e4 Ba6 10. b3 Rc8 11. Bb2 b5 12. cxd5 cxd5 13. e5 Ne8 14. Rfc1 Nc7 15. Qd2 b4 16. Ne2 Nb5 17. h4 Qb6 1/2-1/2

[Event "RUS-Cup"]
[Site "Minsk"]
[Date "2000.??.??"]
[Round "5"]
[White "Yevseev, Denis"]
[Black "Azarov, Sergei"]
[Result "1-0"]
[WhiteElo "2496"]
[BlackElo "2429"]
[PlyCount "79"]
[EventDate "2000.??.??"]
[Source "www.chesslib.no"]
[SourceDate "2004.05.04"]

1. d4 d5 2. c4 e6 3. Nf3 Nf6 4. g3 Be7 5. Bg2 O-O 6. O-O c6 7. Nc3 Nbd7 8. Qd3 b6 9. Rd1 Ba6 10. b3 Rc8 11. e4 Qc7 12. Bf4 Qb7 13. e5 Ne8 14. a4 Qb8 15. Bg5 Bxg5 16. Nxg5 g6 17. g4 h6 18. Nxe6 fxe6 19. Qxg6+ Ng7 20. Qxh6 Nxe5 21. dxe5 Qxe5 22. Qe3 Qxe3 23. fxe3 Rfd8 24. a5 b5 25. cxb5 cxb5 26. Na2 Bb7 27. Rac1 Ne8 28. Nb4 Nf6 29. a6 Ba8 30. g5 Nd7 31. Nd3 Kf7 32. h4 Ke7 33. Kh2 Kd6 34. Kg3 Ne5 35. Nxe5 Kxe5 36. Kg4 Bc6 37. h5 b4 38. g6 Bb5 39. Rxc8 Rxc8 40. Kg5 1-0

[Event "Belgrade Beopromet"]
[Site "Belgrade"]
[Date "1993.??.??"]
[Round "8"]
[White "Vaulin, Alexander"]
[Black "Ciric, Dragoljub M"]
[Result "1/2-1/2"]
[WhiteElo "2515"]
[BlackElo "2395"]
[PlyCount "60"]
[EventDate "1993.03.??"]
[Source "ChessBase"]

1. c4 e6 2. g3 d5 3. Bg2 Nf6 4. Nf3 Be7 5. d4 O-O 6. Nc3 c6 7. O-O Nbd7 8. Qd3 b6 9. Rd1 Bb7 10. e4 dxe4 11. Nxe4 c5 12. Nxf6+ Bxf6 13. Ng5 Bxg5 14. Bxb7 Rb8 15. Be4 Bxc1 16. Raxc1 Nf6 17. Bf3 cxd4 18. Qxd4 Qxd4 19. Rxd4 Rfd8 20. Rxd8+ Rxd8 21. c5 Rc8 22. c6 Nd5 23. Bxd5 exd5 24. b4 Kf8 25. b5 Ke7 26. Kf1 Kd6 27. Ke2 a6 28. a4 axb5 29. axb5 Ra8 30. c7 Re8+ 1/2-1/2

[Event "Cacak-B"]
[Site "Cacak"]
[Date "1991.??.??"]
[Round "11"]
[White "Rabrenovic, Vladan"]
[Black "Dolmatov, Sergey V"]
[Result "1/2-1/2"]
[WhiteElo "2285"]
[BlackElo "2620"]
[PlyCount "59"]
[EventDate "1991.05.??"]
[Source "www.chesslib.no"]
[SourceDate "2004.05.04"]

1. d4 d5 2. c4 c6 3. Nf3 Nf6 4. Nc3 e6 5. g3 Nbd7 6. Bg2 Be7 7. O-O O-O 8. Qd3 Re8 9. e4 dxe4 10. Nxe4 b6 11. Bf4 Nxe4 12. Qxe4 Bb7 13. Rad1 a5 14. h4 h6 15. Rfe1 a4 16. Ne5 Nxe5 17. dxe5 Qc7 18. Qf3 Rad8 19. Qg4 Rxd1 20. Rxd1 Rd8 21. Rxd8+ Bxd8 22. Qd1 a3 23. bxa3 Be7 24. a4 Ba6 25. Qb3 Bc5 26. Qd3 g5 27. hxg5 hxg5 28. Bxg5 Qxe5 29. Bd2 Bd4 30. Bb4 1/2-1/2

[Event "SWE Ch"]
[Site "Sundsvall"]
[Date "1989.??.??"]
[Round "?"]
[White "Ornstein, Axel O"]
[Black "Akesson, Ralf"]
[Result "1/2-1/2"]
[WhiteElo "2460"]
[BlackElo "2445"]
[PlyCount "34"]
[EventDate "1989.??.??"]
[Source "www.chesslib.no"]
[SourceDate "2004.05.04"]

1. c4 e6 2. g3 Nf6 3. Bg2 d5 4. Nf3 Be7 5. d4 O-O 6. Nc3 Nbd7 7. O-O c6 8. Qd3 b6 9. Rd1 Ba6 10. b3 c5 11. Bb2 Rc8 12. Nb5 Bxb5 13. cxb5 Ne4 14. Ne5 Nxe5 15. dxe5 Qe8 16. Bxe4 dxe4 17. Qc4 Rc7 1/2-1/2

[Event "16th Donau Open"]
[Site "Aschach Donau AUT"]
[Date "2007.12.29"]
[Round "5"]
[White "Horvath, Jo1"]
[Black "Manole, V."]
[Result "1-0"]
[WhiteElo "2519"]
[BlackElo "2380"]
[PlyCount "67"]
[EventDate "2007.12.26"]
[Source "www.chesslib.no"]
[SourceDate "2004.05.04"]

1. d4 Nf6 2. Nf3 d5 3. c4 e6 4. Nc3 Be7 5. g3 O-O 6. Bg2 Nbd7 7. Qd3 c6 8. O-O b6 9. Rd1 Ba6 10. b3 Rc8 11. e4 c5 12. exd5 exd5 13. Nb5 dxc4 14. bxc4 Bxb5 15. cxb5 c4 16. Qf5 g6 17. Qc2 Qc7 18. d5 Bd6 19. Nd4 Ne5 20. Nc6 Nxc6 21. dxc6 Rcd8 22. Bb2 Ng4 23. Qxc4 h5 24. Bh3 Ne5 25. Qc3 f6 26. Rd5 Bc5 27. Rad1 Rxd5 28. Rxd5 Qe7 29. Kg2 g5 30. Bf5 g4 31. Qe1 Re8 32. Bxe5 fxe5 33. Qe4 Rf8 34. Rxe5 1-0

[Event "Ch Norway (team) 1998/99"]
[Site "Norway"]
[Date "1998.??.??"]
[Round "7"]
[White "Sahakian, Nonna"]
[Black "Gasthofer, Viktor"]
[Result "1-0"]
[WhiteElo "2400"]
[BlackElo "2495"]
[PlyCount "67"]
[EventDate "1998.??.??"]
[Source "www.chesslib.no"]
[SourceDate "2004.05.04"]

1. c4 e6 2. Nf3 Nf6 3. g3 d5 4. Bg2 Be7 5. O-O O-O 6. d4 c6 7. Nc3 Nbd7 8. Qd3 b6 9. cxd5 cxd5 10. Bf4 Bb7 11. Nb5 Ne4 12. Bc7 Qe8 13. Bf4 Ndc5 14. dxc5 Nxc5 15. Qd2 Qxb5 16. Nd4 Qe8 17. Rfc1 a5 18. Rc3 Qd7 19. g4 Rfd8 20. Rh3 Ne4 21. Qe3 Bc5 22. g5 Rac8 23. Be5 Bd6 24. f4 Bxe5 25. fxe5 Rc4 26. Rd1 Qc7 27. Qf4 Qc5 28. g6 f6 29. Rxh7 Ng5 30. Qh4 Kf8 31. exf6 gxf6 32. Qh6+ Ke8 33. Qg7 Nxh7 34. Qf7# 1-0

[Event "Kharkov Rectora Cup"]
[Site "Kharkov"]
[Date "2000.10.01"]
[Round "1"]
[White "Kalugin, Sergei"]
[Black "Nikitin, Andrey"]
[Result "0-1"]
[WhiteElo "2455"]
[BlackElo "2431"]
[PlyCount "56"]
[EventDate "2000.10.01"]
[Source "www.chesslib.no"]
[SourceDate "2004.05.04"]

1. Nf3 d5 2. c4 e6 3. g3 Nf6 4. Bg2 Be7 5. d4 O-O 6. O-O c6 7. Nc3 Nbd7 8. Qd3 b6 9. Rd1 Ba6 10. b3 Rc8 11. e4 c5 12. exd5 exd5 13. Qb1 dxc4 14. d5 Bd6 15. Bf1 Ne5 16. Nxe5 Bxe5 17. Bb2 b5 18. bxc4 bxc4 19. Nb5 Ng4 20. Bxe5 Nxe5 21. Nxa7 Nf3+ 22. Kh1 Rb8 23. Qe4 Qf6 24. Rab1 Rxb1 25. Qxb1 c3 26. Bxa6 Qxa6 27. Qe4 c2 28. Rc1 Qb6 0-1

[Event "RUS-chT (club)"]
[Site "Novokuznetsk"]
[Date "1999.??.??"]
[Round "?"]
[White "Logunov, M."]
[Black "Nikitin, Andrey"]
[Result "0-1"]
[WhiteElo "2455"]
[BlackElo "2418"]
[PlyCount "90"]
[EventDate "1999.??.??"]
[Source "www.chesslib.no"]
[SourceDate "2004.05.04"]

1. Nf3 d5 2. c4 e6 3. g3 Nf6 4. Bg2 Be7 5. O-O O-O 6. d4 c6 7. Nc3 Nbd7 8. Qd3 b6 9. Ne5 Bb7 10. Bf4 c5 11. cxd5 Nxe5 12. Bxe5 Nxd5 13. dxc5 Bxc5 14. Nxd5 Bxd5 15. Bxd5 Qxd5 16. Qxd5 exd5 17. e3 f6 18. Bc3 Kf7 19. Rfd1 Ke6 20. Rd3 Rad8 21. Rad1 Rf7 22. g4 f5 23. h3 g6 24. Kg2 fxg4 25. hxg4 h5 26. gxh5 gxh5 27. Rh1 Rg8+ 28. Kf1 Rf5 29. Rh3 Be7 30. f3 Rfg5 31. Rd2 Rg1+ 32. Ke2 h4 33. Kd3 R8g3 34. Rdh2 Rxh3 35. Rxh3 Kf5 36. Rh2 Rf1 37. Ke2 Rb1 38. Rf2 Rg1 39. Be1 Bd6 40. f4 h3 41. Rh2 Kg4 42. a3 d4 43. Kf2 Rxe1 44. Kxe1 dxe3 45. Rh1 Bxf4 0-1

[Event "2nd Saipa Cup"]
[Site "Tehran"]
[Date "2004.09.20"]
[Round "10"]
[White "Gleizerov, Evgeny"]
[Black "Ghorbani, Mohsen"]
[Result "1-0"]
[WhiteElo "2539"]
[BlackElo "2333"]
[PlyCount "83"]
[EventDate "2004.09.13"]
[Source "Roberto Alvarez"]
[SourceDate "2004.10.05"]

1. d4 Nf6 2. c4 e6 3. g3 d5 4. Nf3 Be7 5. Bg2 O-O 6. O-O Nbd7 7. Nc3 c6 8. Qd3 b6 9. Rd1 Ba6 10. b3 Rc8 11. e4 Bb4 12. e5 Bxc3 13. Qxc3 Ne4 14. Qe3 f5 15. Ne1 h6 16. Ba3 Re8 17. Rac1 b5 18. cxd5 cxd5 19. Rxc8 Bxc8 20. f3 Ng5 21. Qc3 Qb6 22. Nd3 a5 23. Bc5 Qa6 24. h4 Nf7 25. Bf1 Bb7 26. Qd2 Rc8 27. Rc1 Qa8 28. a3 a4 29. b4 Rc6 30. Nf4 Ba6 31. Bd3 Qb7 32. g4 fxg4 33. fxg4 Nb6 34. Bb1 Nc4 35. Qd3 Rxc5 36. Nxe6 Nfxe5 37. Qh7+ Kf7 38. Nd8+ Ke8 39. Nxb7 Nf3+ 40. Kf2 Rc7 41. Qg8+ Kd7 42. Nc5+ 1-0

[Event "Tel Aviv-B"]
[Site "Tel Aviv"]
[Date "1991.??.??"]
[Round "7"]
[White "Andrianov, Nikolai"]
[Black "Zilberman, Yaacov"]
[Result "1/2-1/2"]
[WhiteElo "2445"]
[BlackElo "2425"]
[PlyCount "46"]
[EventDate "1991.07.??"]
[Source "ChessBase"]

1. d4 Nf6 2. Nf3 e6 3. g3 d5 4. Bg2 Be7 5. O-O O-O 6. c4 Nbd7 7. Nc3 c6 8. Qd3 b6 9. e4 Ba6 10. b3 Rc8 11. Bb2 c5 12. exd5 exd5 13. Rad1 dxc4 14. bxc4 cxd4 15. Nb5 Nc5 16. Qxd4 Qxd4 17. Nfxd4 Na4 18. Nf5 Bb4 19. Bxf6 gxf6 20. Rd4 Nc3 21. Nxc3 Bxc3 22. Rg4+ Kh8 23. Bd5 Rc7 1/2-1/2

[Event "ARG Ch"]
[Site "Argentina"]
[Date "1989.??.??"]
[Round "6"]
[White "Glavina Rossi, Pablo"]
[Black "Campora, Daniel H"]
[Result "0-1"]
[WhiteElo "2365"]
[BlackElo "2500"]
[PlyCount "74"]
[EventDate "1989.??.??"]
[Source "www.chesslib.no"]
[SourceDate "2004.05.04"]

1. d4 Nf6 2. c4 e6 3. g3 d5 4. Bg2 Be7 5. Nf3 O-O 6. O-O c6 7. Nc3 Nbd7 8. Qd3 b6 9. e4 Ba6 10. b3 Rc8 11. exd5 cxd5 12. Nb5 Bxb5 13. cxb5 Qc7 14. Bg5 Ba3 15. Bxf6 Nxf6 16. Ne5 Nd7 17. Nc6 Nb8 18. Nxb8 Qxb8 19. f4 g6 20. Qe3 Qd6 21. g4 f5 22. gxf5 gxf5 23. Rf3 Rf6 24. Rg3+ Kh8 25. Rb1 Qc7 26. Bf1 Bc1 27. Qe5 Qxe5 28. fxe5 Rg6 29. Kf2 Bf4 30. Rg2 Rc2+ 31. Kf3 Rgxg2 32. Bxg2 Bxh2 33. Rh1 Rc3+ 34. Ke2 Bf4 35. Bf3 Re3+ 36. Kf2 Rd3 37. Rd1 Be3+ 0-1

[Event "JUG Team Ch"]
[Site "Cetinje"]
[Date "1992.??.??"]
[Round "?"]
[White "Ristic, Nenad"]
[Black "Nikolic, Zivoslav"]
[Result "1/2-1/2"]
[WhiteElo "2390"]
[BlackElo "2475"]
[PlyCount "70"]
[EventDate "1992.??.??"]
[Source "www.chesslib.no"]
[SourceDate "2004.05.04"]

1. d4 Nf6 2. Nf3 d5 3. c4 e6 4. g3 Be7 5. Bg2 O-O 6. O-O c6 7. Nc3 Nbd7 8. Qd3 b6 9. e4 Ba6 10. b3 Rc8 11. Bb2 Bb4 12. Nd2 dxc4 13. Nxc4 b5 14. Ne3 Qa5 15. Rfd1 Rfd8 16. a3 Bf8 17. b4 Qb6 18. Qe2 e5 19. dxe5 Nxe5 20. Kh1 Rxd1+ 21. Rxd1 Rd8 22. f4 Rxd1+ 23. Ncxd1 Nc4 24. Nxc4 bxc4 25. Qd2 Qc7 26. e5 Nd5 27. Bd4 Qd7 28. Ne3 Nb6 29. Qd1 Na4 30. Qxa4 Qxd4 31. Qxa6 Qxe3 32. Qxc4 Qxa3 33. Bxc6 Qxb4 34. Qxb4 Bxb4 35. Kg2 Kf8 1/2-1/2

[Event "New York op"]
[Site "New York"]
[Date "1991.??.??"]
[Round "6"]
[White "Alburt, Lev O"]
[Black "Duong Thanh Nha"]
[Result "1-0"]
[WhiteElo "2555"]
[BlackElo "2305"]
[PlyCount "129"]
[EventDate "1991.03.??"]
[Source "ChessBase"]

1. d4 Nf6 2. c4 e6 3. g3 d5 4. Bg2 c6 5. Nf3 Be7 6. O-O O-O 7. Nc3 Nbd7 8. Qd3 b6 9. e4 Bb7 10. Nd2 g6 11. e5 Ne8 12. f4 Ng7 13. cxd5 cxd5 14. Nf3 Rc8 15. Bd2 Qc7 16. Rac1 Qc4 17. Qb1 b5 18. a3 Qc6 19. Qd3 Qc4 20. Qb1 Qc6 21. Rfd1 Nb6 22. Na2 Qd7 23. Bb4 Nc4 24. b3 Ne3 25. Rxc8 Rxc8 26. Rc1 Bd8 27. Bh3 Bb6 28. Qd3 Nef5 29. Rxc8+ Bxc8 30. Qc3 h5 31. Bf1 Bb7 32. Bc5 Bxc5 33. Qxc5 a6 34. Nb4 Ne8 35. Qa7 Qc8 36. Nd3 Qc7 37. Nc5 Bc8 38. Qxc7 Nxc7 39. Kf2 Kf8 40. h3 Nh6 41. Be2 Ke7 42. Ne1 Kd8 43. Nc2 Nf5 44. g4 hxg4 45. hxg4 Ne7 46. Ke3 Nc6 47. Kd3 Na8 48. Kc3 Kc7 49. Ne3 Kd8 50. f5 gxf5 51. gxf5 Nb6 52. Bh5 Ke7 53. f6+ Kf8 54. Ng4 Nd7 55. Nd3 a5 56. Nh6 Nd8 57. Nf4 Nb8 58. Nxf7 b4+ 59. axb4 axb4+ 60. Kxb4 Nxf7 61. Ng6+ Ke8 62. Nh8 Nc6+ 63. Kc5 Ncd8 64. Nxf7 Nxf7 65. b4 1-0

[Event "Novgorod op"]
[Site "Novgorod"]
[Date "1999.03.27"]
[Round "9"]
[White "Yevseev, Denis"]
[Black "Kalugin, Sergei"]
[Result "1-0"]
[WhiteElo "2503"]
[BlackElo "2355"]
[PlyCount "107"]
[EventDate "1999.03.19"]
[Source "ChessBase"]
[SourceDate "1999.05.10"]

1. d4 Nf6 2. c4 e6 3. g3 d5 4. Bg2 Be7 5. Nf3 O-O 6. O-O c6 7. Nc3 Nbd7 8. Qd3 b6 9. Rd1 Ba6 10. b3 Ne8 11. e4 dxc4 12. bxc4 Nd6 13. Qc2 Nxc4 14. a4 Na5 15. d5 cxd5 16. exd5 Nc5 17. Bf4 Bf6 18. Ne5 Bxe5 19. Bxe5 Rc8 20. dxe6 Bd3 21. exf7+ Kh8 22. Qa2 Nc4 23. Bf4 Rxf7 24. Rac1 Qf8 25. Nd5 Qe8 26. Nb4 Qe2 27. Qxe2 Bxe2 28. Re1 Nb3 29. Rxe2 Rxf4 30. Rc3 Nd4 31. Rd2 Re8 32. Rxc4 Nf3+ 33. Bxf3 Rxc4 34. Nc6 Rxa4 35. Bd5 g6 36. f4 a6 37. Ne5 Re7 38. Bb3 Ra1+ 39. Kf2 Kg7 40. Rd8 Rc7 41. Ng4 Rf7 42. Bxf7 Kxf7 43. Rd7+ Ke6 44. Rxh7 a5 45. Rg7 Kf5 46. Kf3 Rf1+ 47. Nf2 a4 48. Ra7 Ra1 49. g4+ Kf6 50. Ra6 a3 51. Rxb6+ Kg7 52. Ra6 a2 53. Kg2 Kh8 54. Ra7 1-0

[Event "Arabe (championnat)"]
[Site "?"]
[Date "2004.08.14"]
[Round "1"]
[White "Gleizerov Evgeny"]
[Black "Illijin Neboisa"]
[Result "1-0"]
[WhiteElo "2589"]
[BlackElo "2267"]
[PlyCount "59"]
[EventDate "2004.??.??"]
[Source "www.chesslib.no"]
[SourceDate "2004.05.04"]

1. d4 Nf6 2. c4 e6 3. g3 d5 4. Nf3 Be7 5. Bg2 O-O 6. O-O Nbd7 7. Nc3 c6 8. Qd3 b6 9. Rd1 Ba6 10. b3 c5 11. Bb2 Rc8 12. Nb5 Bxb5 13. cxb5 Ne4 14. Ne5 Nxe5 15. dxe5 c4 16. bxc4 Rxc4 17. Qxc4 Nxf2 18. Kxf2 dxc4 19. Rxd8 Rxd8 20. Be4 Rd2 21. Bc3 Bc5+ 22. Kf3 Rd7 23. Rc1 g5 24. Be1 h5 25. Rxc4 Rd1 26. Bf2 Rf1 27. e3 Rh1 28. Ke2 Rxh2 29. Kf1 h4 30. gxh4 1-0

[Event "Maromme Open"]
[Site "Maromme"]
[Date "1994.??.??"]
[Round "?"]
[White "Inkiov, Ventzislav V"]
[Black "Boudre, Jean-Pierre"]
[Result "1/2-1/2"]
[WhiteElo "2465"]
[BlackElo "2390"]
[PlyCount "75"]
[EventDate "1994.??.??"]
[Source "www.chesslib.no"]
[SourceDate "2004.05.04"]

1. d4 d5 2. c4 c6 3. Nf3 Nf6 4. Nc3 e6 5. g3 Nbd7 6. Bg2 Be7 7. O-O O-O 8. Qd3 b6 9. e4 Bb7 10. Rd1 Rc8 11. b3 dxe4 12. Nxe4 c5 13. Nxf6+ Nxf6 14. Bb2 cxd4 15. Bxd4 Bc5 16. Bxc5 Qxd3 17. Rxd3 Rxc5 18. Re1 Bxf3 19. Bxf3 Rfc8 20. Bb7 Rb8 21. Bg2 Kf8 22. f4 Ke7 23. Red1 b5 24. cxb5 Rbxb5 25. Bf3 g5 26. a4 Rb4 27. fxg5 Rxg5 28. Rc1 Nd5 29. Rc5 Re5 30. Ra5 Rb7 31. b4 Nxb4 32. Rxe5 Nxd3 33. Rxe6+ fxe6 34. Bxb7 Nc5 35. Bc6 Kd6 36. Be8 Ke7 37. Bc6 Kd6 38. Be8 1/2-1/2

[Event "Reggio Emilia 9495"]
[Site "Reggio Emilia"]
[Date "1994.??.??"]
[Round "9"]
[White "Romanishin, Oleg M"]
[Black "Martorelli, Antonio"]
[Result "1-0"]
[WhiteElo "2605"]
[BlackElo "2245"]
[PlyCount "96"]
[EventDate "1994.12.??"]
[Source "ChessBase"]

1. d4 d5 2. c4 c6 3. Nf3 e6 4. g3 Nf6 5. Bg2 Be7 6. O-O O-O 7. Nc3 Nbd7 8. Qd3 b6 9. e4 Ba6 10. b3 Rc8 11. Rd1 c5 12. exd5 exd5 13. Bb2 dxc4 14. bxc4 cxd4 15. Nb5 Nc5 16. Qxd4 Qxd4 17. Nfxd4 Na4 18. Nf5 Bc5 19. Nh6+ gxh6 20. Bxf6 Rce8 21. Nc7 Re6 22. Nxe6 fxe6 23. Bd4 Bxc4 24. Bc6 b5 25. Rac1 Bxd4 26. Rxd4 Nb6 27. a4 a6 28. axb5 axb5 29. Rg4+ Kh8 30. Ra1 Rc8 31. Be4 Nd7 32. Rf4 e5 33. Rh4 Nf6 34. Bf5 Rc5 35. Ra8+ Kg7 36. Ra7+ Kg8 37. Rxh6 Bd5 38. f3 Rc1+ 39. Kf2 Rc6 40. Ke2 b4 41. g4 b3 42. g5 b2 43. Rxf6 Rxf6 44. gxf6 e4 45. Rg7+ Kf8 46. Rg1 Bc4+ 47. Ke3 Bd3 48. Be6 b1=Q 1-0

[Event "Groningen op"]
[Site "Groningen"]
[Date "1991.??.??"]
[Round "5"]
[White "Savchenko, Stanislav"]
[Black "Krivonosov, Oleg"]
[Result "1-0"]
[WhiteElo "2485"]
[BlackElo "2360"]
[PlyCount "81"]
[EventDate "1991.12.??"]
[Source "ChessBase"]

1. d4 d5 2. c4 e6 3. Nf3 Nf6 4. g3 Be7 5. Bg2 O-O 6. Nc3 c6 7. O-O Nbd7 8. Qd3 b6 9. e4 Bb7 10. e5 dxc4 11. Qxc4 Nd5 12. Ne4 c5 13. dxc5 Nxc5 14. Nxc5 Bxc5 15. Qg4 f5 16. exf6 Qxf6 17. Ng5 Bxf2+ 18. Kh1 Qf5 19. Qxf5 Rxf5 20. g4 Rf6 21. Ne4 Bd4 22. Rd1 Be5 23. Nxf6+ gxf6 24. g5 Rc8 25. gxf6 Bxf6 26. Rb1 Kf7 27. Bh6 Rc4 28. Rd3 Ke7 29. Re1 Kf7 30. b3 Rh4 31. Bc1 Bc6 32. Rg3 Rh5 33. a4 a5 34. Rf1 Rf5 35. Rxf5 exf5 36. Rh3 Ke6 37. Rxh7 b5 38. axb5 Bxb5 39. Rh6 Ne7 40. Bg5 Ng8 41. Rg6 1-0

[Event "Wch (Men) U26"]
[Site "Rotterdam"]
[Date "1998.08.11"]
[Round "1"]
[White "Har Zvi, Ronen"]
[Black "Andreev, Eduard"]
[Result "1/2-1/2"]
[WhiteElo "2505"]
[BlackElo "2330"]
[PlyCount "21"]
[EventDate "1998.08.??"]
[Source "www.chesslib.no"]
[SourceDate "2004.05.04"]

1. Nf3 Nf6 2. c4 e6 3. g3 d5 4. Bg2 Be7 5. O-O O-O 6. d4 c6 7. Nc3 Nbd7 8. Qd3 b6 9. cxd5 cxd5 10. Bf4 a6 11. Ne5 1/2-1/2

[Event "JUG Ch"]
[Site "Borovo"]
[Date "1981.??.??"]
[Round "13"]
[White "Rajkovic, Dusan"]
[Black "Nikolic, Zivoslav"]
[Result "1/2-1/2"]
[WhiteElo "2465"]
[BlackElo "2365"]
[PlyCount "30"]
[EventDate "1981.03.??"]
[Source "www.chesslib.no"]
[SourceDate "2004.05.04"]

1. d4 d5 2. c4 e6 3. Nc3 Be7 4. Nf3 Nf6 5. g3 c6 6. Qd3 O-O 7. Bg2 Nbd7 8. O-O b6 9. cxd5 cxd5 10. Bg5 Nh5 11. Bd2 Bb7 12. Rfc1 a6 13. a3 Nhf6 14. Bf4 Rc8 15. Na2 h6 1/2-1/2

[Event "SUI Team Ch"]
[Site "Switzerland"]
[Date "1988.??.??"]
[Round "?"]
[White "Wirthensohn, Heinz"]
[Black "Huss, Andreas"]
[Result "1-0"]
[WhiteElo "2425"]
[BlackElo "2390"]
[PlyCount "81"]
[EventDate "1988.??.??"]
[Source "www.chesslib.no"]
[SourceDate "2004.05.04"]

1. Nf3 Nf6 2. c4 e6 3. g3 d5 4. Bg2 Be7 5. O-O O-O 6. d4 c6 7. Nc3 Nbd7 8. Qd3 b6 9. e4 Ba6 10. b3 Rc8 11. Rd1 h6 12. a4 Ne8 13. Bf4 Bb4 14. Rac1 Nd6 15. Qb1 Nxe4 16. Nxe4 dxe4 17. Qxe4 Nf6 18. Qe2 Nd5 19. Bd2 Qe7 20. Ne5 Bxd2 21. Qxd2 Nb4 22. c5 bxc5 23. Rxc5 Qb7 24. Rdc1 f6 25. Nxc6 Nd3 26. Ne7+ Qxe7 27. Rxc8 Bxc8 28. Qxd3 Bb7 29. Bxb7 Qxb7 30. Qc4 Qd7 31. a5 Rd8 32. a6 Kf7 33. Qc7 Kf8 34. Rc4 Kg8 35. Qb7 Kh8 36. Rc7 Qxd4 37. Rxg7 Qd1+ 38. Kg2 Qb1 39. Rg4 Rg8 40. Rxg8+ Kxg8 41. Qb8+ 1-0

[Event "Katowice Open"]
[Site "Katowice POL"]
[Date "1995.??.??"]
[Round "6"]
[White "Romanishin, Oleg M"]
[Black "Orzechowski, Jacek"]
[Result "1-0"]
[WhiteElo "2595"]
[BlackElo "2220"]
[PlyCount "61"]
[EventDate "1995.??.??"]
[Source "www.chesslib.no"]
[SourceDate "2004.05.04"]

1. d4 d5 2. c4 c6 3. Nf3 Nf6 4. Nc3 e6 5. g3 Nbd7 6. Bg2 Be7 7. O-O O-O 8. Qd3 b6 9. Rd1 Bb7 10. b3 Re8 11. Bb2 Qc7 12. Rac1 Rad8 13. cxd5 Nxd5 14. e4 Nxc3 15. Qxc3 Bf8 16. Qc2 Qb8 17. d5 cxd5 18. exd5 Rc8 19. Qd3 Rxc1 20. Rxc1 Nf6 21. dxe6 Rd8 22. exf7+ Kh8 23. Qe2 Qd6 24. Nh4 Bxg2 25. Nxg2 Qd7 26. Bxf6 gxf6 27. Qh5 Bc5 28. Re1 Rf8 29. Re8 Kg7 30. Nf4 Rxf7 31. Ne6+ 1-0

[Event "Luzern ol (Men)"]
[Site "Lucerne SUI"]
[Date "1982.??.??"]
[Round "14"]
[White "Inkiov, Ventzislav V"]
[Black "Shaw, Terrey I"]
[Result "1-0"]
[WhiteElo "2495"]
[BlackElo "2320"]
[PlyCount "151"]
[EventDate "1982.10.??"]
[Source "www.chesslib.no"]
[SourceDate "2004.05.04"]

1. d4 d5 2. c4 e6 3. Nf3 Nf6 4. g3 Be7 5. Bg2 O-O 6. O-O Nbd7 7. Nc3 c6 8. Qd3 b6 9. e4 dxe4 10. Nxe4 Nxe4 11. Qxe4 Bb7 12. Rd1 Qc7 13. Bf4 Bd6 14. Bxd6 Qxd6 15. c5 Qc7 16. Qc2 e5 17. dxe5 Nxe5 18. Ng5 Ng6 19. h4 Qe7 20. Re1 Qxc5 21. Qxc5 bxc5 22. h5 Nh8 23. Re7 Rab8 24. Rc1 f6 25. Rxb7 Rxb7 26. Bxc6 Rc7 27. Bd5+ Nf7 28. Nxf7 Rfxf7 29. b4 Kf8 30. Bxf7 Kxf7 31. bxc5 Ke6 32. Kg2 Kd5 33. Kf3 Rxc5 34. Rxc5+ Kxc5 35. Ke4 Kb4 36. Kd5 Ka3 37. Ke6 Kxa2 38. Kf7 a5 39. Kxg7 a4 40. Kxh7 a3 41. h6 Kb3 42. Kg6 a2 43. h7 a1=Q 44. h8=Q Qb1+ 45. Kf7 Qf5 46. Qxf6 Qd7+ 47. Kg6 Qg4+ 48. Kh6 Ka3 49. Qf4 Qg8 50. Kh5 Qh7+ 51. Kg4 Qh2 52. Kf3 Qh1+ 53. Ke2 Qh2 54. Qe4 Kb2 55. Kf1 Kc1 56. g4 Qh3+ 57. Kg1 Qh4 58. Qe3+ Kb2 59. g5 Qh5 60. Qg3 Qg6 61. Qe5+ Kb1 62. Qf6 Qe4 63. g6 Qg4+ 64. Kh2 Qh5+ 65. Kg3 Qh1 66. g7 Qg1+ 67. Kf3 Qh1+ 68. Kf4 Qc1+ 69. Kf5 Qc2+ 70. Kg5 Qc1+ 71. Kg6 Qc4 72. Kh7 Qc7 73. f4 Qd7 74. f5 Qc7 75. Qh6 Qd7 76. f6 1-0